Languages of Serbia Quiz (with map) - Statistics

General Stats
  • This quiz has been taken 3,121 times
  • The average score is 8 of 11
Answers on the Map
Answers color-coded by a green-red scale on the quiz's map according to % correct below.
 
Answer Stats
Answer % Correct
Serbian
99%
Albanian
94%
Bosnian
94%
Hungarian
94%
Romanian
94%
Shtokavian Croatian
94%
Bulgarian
91%
Slovak
65%
Czech
48%
Aromanian
46%
Pannonian Rusyn
31%
No matching quizzes found
Score Distribution
Percent of People with Each Score
Percentile by Number Answered
Your Score History
You have not taken this quiz